| 000 | 00633 a2200217 4500 | ||
|---|---|---|---|
| 003 | Nust | ||
| 005 | 20221028195438.0 | ||
| 010 | _a 79027716 | ||
| 020 | _a0830611991 : | ||
| 020 | _a0830699643 (pbk.) : | ||
| 040 | _cNust | ||
| 082 | 0 | 0 | _a621.311,HAL |
| 100 | 1 |
_aHallmark, Clayton L. _9101723 |
|
| 245 | 1 | 4 |
_aThe master IC cookbook / _cClayton L. Hallmark. |
| 250 | _a1st ed. | ||
| 260 |
_aUSA _bTab Books, _cc1980. |
||
| 300 |
_a476 p. : _bill. ; _c22 cm. |
||
| 505 | _aIntroduction (Page-6), CMOS (Page-9), Exotic CMOS (Page-129), Linears (Page-137), TTL (Page-199). | ||
| 650 | 0 | _aIntegrated circuits. | |
| 942 |
_2ddc _cBK |
||
| 999 |
_c180370 _d180370 |
||